[Event "Bundesliga 2021-22"]
[Site "Berlin GER"]
[Date "2022.07.07"]
[Round "11.8"]
[Board "5"]
[White "Gupta, Abhijeet"]
[Black "Teclaf, Pawel"]
[Result "1-0"]
[WhiteTitle "GM"]
[BlackTitle "IM"]
[WhiteElo "2628"]
[BlackElo "2542"]
[WhiteTeam "Schachfreunde Deizisau"]
[BlackTeam "SK Doppelbauer Turm Kiel"]
[WhiteFideId "5010608"]
[BlackFideId "1185934"]
[EventDate "2022.03.05"]

1. d4 d5 2. Nf3 Bf5 3. c4 e6 4. Nc3 Nf6 5. Bg5 c6 6. Qb3 Qb6 7. c5 Qc7 8. Bf4
Qc8 9. Nh4 Be7 10. Nxf5 exf5 11. h3 O-O 12. e3 Ne4 13. Bd3 Re8 14. Ne2 Bd8 15.
Qa4 Bc7 16. O-O Bxf4 17. Nxf4 Nd7 18. b4 a6 19. Qc2 Qc7 20. a4 Nf8 21. Rfe1 Ng6
22. Ne2 Re7 23. b5 axb5 24. axb5 Rae8 25. Ra7 Nxf2 26. Kxf2 Rxe3 27. Qd2 f4 28.
Rea1 Qd8 29. Ra8 Qg5 30. Kf1 f5 31. bxc6 bxc6 32. Qxe3 fxe3 33. Rxe8+ Kf7 34.
Rc8 Qh4 35. Ra7+ Kf6 36. Rxc6+ Kg5 37. Kg1 Qf2+ 38. Kh2 f4 39. Rxg7 1-0

[Event "Bundesliga 2021-22"]
[Site "Berlin GER"]
[Date "2022.07.07"]
[Round "11.8"]
[Board "6"]
[White "Parvanyan, Ashot"]
[Black "Kollars, Dmitrij"]
[Result "0-1"]
[WhiteTitle "IM"]
[BlackTitle "GM"]
[WhiteElo "2462"]
[BlackElo "2635"]
[WhiteTeam "SK Doppelbauer Turm Kiel"]
[BlackTeam "Schachfreunde Deizisau"]
[WhiteFideId "13307550"]
[BlackFideId "12909572"]
[EventDate "2022.03.05"]

1. Nf3 d5 2. d4 Nf6 3. c4 e6 4. g3 Bb4+ 5. Bd2 a5 6. Bxb4 axb4 7. Bg2 dxc4 8.
Ne5 O-O 9. Nxc4 c5 10. dxc5 Qxd1+ 11. Kxd1 Nfd7 12. Nbd2 Nxc5 13. e3 Bd7 14. Nb6
Ra6 15. Nxd7 Nbxd7 16. Ke2 Rfa8 17. a3 R8a7 18. Rhc1 Kf8 19. Rc4 Ra4 20. Ne4
bxa3 21. Rxc5 Nxc5 22. Nxc5 axb2 23. Rb1 Rb4 24. Ne4 Ra1 25. Nd2 b5 26. Bf1 Rxb1
27. Nxb1 Rc4 28. Kd2 Rc1 29. Bd3 g5 30. h4 gxh4 31. gxh4 b4 32. Ke2 h5 33. Nd2
Ke7 34. Bb1 Rh1 35. Be4 Rxh4 36. Kd3 b3 37. Bb7 f5 38. Kc3 Rh2 39. Kxb3 Rxf2 40.
Nb1 0-1

[Event "Bundesliga 2021-22"]
[Site "Berlin GER"]
[Date "2022.07.07"]
[Round "11.8"]
[Board "7"]
[White "Kozul, Zdenko"]
[Black "Barseghyan, Armen Ar."]
[Result "1/2-1/2"]
[WhiteTitle "GM"]
[BlackTitle "IM"]
[WhiteElo "2619"]
[BlackElo "2348"]
[WhiteTeam "Schachfreunde Deizisau"]
[BlackTeam "SK Doppelbauer Turm Kiel"]
[WhiteFideId "14502879"]
[BlackFideId "13306707"]
[EventDate "2022.03.05"]

1. d4 Nf6 2. c4 e6 3. g3 c5 4. d5 exd5 5. cxd5 d6 6. Nc3 g6 7. Bg2 Bg7 8. Nf3
O-O 9. O-O Nbd7 10. h3 Re8 11. Bf4 Nb6 12. Rc1 Bf5 13. Bg5 Qd7 14. g4 Be4 15.
Bxf6 Bxf6 16. Nxe4 Rxe4 17. b3 Ree8 18. e3 Qe7 19. Nd2 Nd7 20. Kh1 b5 21. Ne4
Bg7 22. g5 Rac8 23. f4 f5 24. gxf6 Nxf6 25. Nxf6+ Qxf6 26. e4 c4 27. e5 dxe5 28.
d6 Rcd8 29. d7 Re7 30. fxe5 Qxe5 31. Qd5+ Kh8 32. Qxe5 Bxe5 33. Bc6 c3 34. Bxb5
Kg7 35. Rfe1 Kf7 36. Kg2 Bd4 37. Kf3 Rxe1 38. Rxe1 Bf6 39. Ke4 Rb8 40. a4 a6 41.
Bxa6 Rb6 42. Bc4+ Ke7 43. a5 Rd6 44. a6 Rxd7 45. Bb5 Rd8 46. b4 Kd6 47. Rf1 Ke7
48. Rc1 Kd6 49. Rf1 Ke7 50. Rf2 Rb8 51. Kd3 Rxb5 52. a7 Rd5+ 53. Kc2 Rd8 54.
Rxf6 Rd2+ 55. Kxc3 Ra2 56. Rf3 Rxa7 57. Kc4 Kd6 58. Rd3+ Kc7 59. Kb5 Rb7+ 60.
Kc5 Kc8 61. b5 Kb8 62. b6 Rf7 63. Kc6 Rf6+ 64. Kb5 Rf8 65. Rd7 h5 66. Ka6 g5 67.
Rg7 g4 68. hxg4 hxg4 69. Rxg4 Rh8 70. Rg7 1/2-1/2

[Event "Bundesliga 2021-22"]
[Site "Berlin GER"]
[Date "2022.07.07"]
[Round "11.8"]
[Board "8"]
[White "Pajeken, Jakob Leon"]
[Black "Heimann, Andreas"]
[Result "1/2-1/2"]
[WhiteTitle "IM"]
[BlackTitle "GM"]
[WhiteElo "2382"]
[BlackElo "2581"]
[WhiteTeam "SK Doppelbauer Turm Kiel"]
[BlackTeam "Schachfreunde Deizisau"]
[WhiteFideId "12942839"]
[BlackFideId "24624632"]
[EventDate "2022.03.05"]

1. d4 Nf6 2. Nf3 d5 3. c4 e6 4. e3 a6 5. b3 c5 6. Bb2 cxd4 7. exd4 Bb4+ 8. Nbd2
dxc4 9. bxc4 O-O 10. Bd3 b5 11. c5 Bb7 12. O-O Bxc5 13. Bxh7+ Nxh7 14. dxc5 Qd5
15. Nb3 Rc8 16. Rc1 Qxd1 17. Rfxd1 Bxf3 18. gxf3 Nc6 19. Rd6 Nf6 20. Bxf6 gxf6
21. f4 f5 22. Kg2 Rc7 23. Kf3 Kf8 24. Nd4 Nxd4+ 25. Rxd4 Ke7 26. Rd6 Rxc5 27.
Rxe6+ fxe6 28. Rxc5 Rd8 29. Rc7+ Kf6 30. Ke3 Rh8 31. Ra7 Rh3+ 32. f3 Rxh2 33.
Rxa6 Rb2 34. Ra7 b4 35. Rb7 Rxa2 1/2-1/2

[Event "Bundesliga 2021-22"]
[Site "Berlin GER"]
[Date "2022.07.08"]
[Round "12.1"]
[Board "1"]
[White "Postny, Evgeny"]
[Black "Piorun, Kacper"]
[Result "1/2-1/2"]
[WhiteTitle "GM"]
[BlackTitle "GM"]
[WhiteElo "2568"]
[BlackElo "2640"]
[WhiteTeam "BCA Augsburg"]
[BlackTeam "SF Berlin"]
[WhiteFideId "2804344"]
[BlackFideId "1130420"]
[EventDate "2022.03.05"]

1. d4 Nf6 2. c4 e6 3. Nf3 d5 4. g3 Bb4+ 5. Bd2 Bd6 6. Bg2 O-O 7. O-O c6 8. Qc2
Nbd7 9. b3 Ne4 10. Bc1 Qe7 11. Nc3 f5 12. e3 b6 13. Ne2 Bb7 14. Bb2 c5 15. dxc5
bxc5 16. Rad1 dxc4 17. Qxc4 Nb6 18. Qc2 c4 19. Nd2 cxb3 20. axb3 Rac8 21. Qb1
Ng5 22. Bxb7 Qxb7 23. h4 Nf7 24. Nd4 Rfe8 25. Rc1 Bb4 26. Rxc8 Nxc8 27. Nc4 Ncd6
28. Nxd6 Nxd6 29. Qd3 Ne4 30. Rc1 Bc5 31. Qc4 Bb6 32. Qc6 Qe7 33. Kg2 Nf6 34.
Nf3 Ng4 35. Rd1 e5 36. Ng5 h6 37. Rd7 Qf6 38. Rd6 Qf8 39. Qd5+ Kh8 40. Nf7+ Kh7
41. Ba3 Re7 42. Nd8 Bc7 43. Rd7 Rxd7 44. Qxd7 Nxe3+ 45. fxe3 Qxd8 46. Qxf5+ Kh8
47. Kh3 Qd5 48. e4 Qxb3 49. Qc8+ Kh7 50. Qf5+ Kh8 51. Qc8+ Kh7 52. Qf5+ 1/2-1/2

[Event "Bundesliga 2021-22"]
[Site "Berlin GER"]
[Date "2022.07.08"]
[Round "12.1"]
[Board "2"]
[White "Schroeder, Jan-Christian"]
[Black "Prusikin, Michael"]
[Result "1/2-1/2"]
[WhiteTitle "GM"]
[BlackTitle "GM"]
[WhiteElo "2564"]
[BlackElo "2541"]
[WhiteTeam "SF Berlin"]
[BlackTeam "BCA Augsburg"]
[WhiteFideId "24662259"]
[BlackFideId "4642325"]
[EventDate "2022.03.05"]

1. d4 Nf6 2. c4 e6 3. Nc3 Bb4 4. a3 Bxc3+ 5. bxc3 c5 6. f3 d6 7. e4 Nc6 8. Ne2
b6 9. Bg5 h6 10. Bh4 Na5 11. Nc1 g5 12. Bf2 Nh5 13. h4 Qf6 14. Nd3 e5 15. g3 g4
16. Be2 gxf3 17. Bxf3 Ng7 18. O-O Bh3 19. Bg2 Bxg2 20. Qa4+ Kf8 21. Kxg2 Qe6 22.
dxe5 Qxc4 23. Qxc4 Nxc4 24. exd6 Nxd6 25. Nxc5 Ke7 26. Na6 Ne6 27. Bd4 Rhc8 28.
Rae1 Rc4 29. Nb4 Kf8 30. Rf6 Nxd4 31. cxd4 Rxd4 32. e5 Ne4 33. Rf4 Rd2+ 34. Kf3
Nc5 35. e6 Re8 36. Rxf7+ Kg8 37. Rf6 Kg7 38. Rf7+ Kg8 39. Rf6 Kg7 40. Rf7+ 1/2-1/2

[Event "Bundesliga 2021-22"]
[Site "Berlin GER"]
[Date "2022.07.08"]
[Round "12.1"]
[Board "3"]
[White "Nestorovic, Nikola"]
[Black "Tomczak, Jacek"]
[Result "0-1"]
[WhiteTitle "GM"]
[BlackTitle "GM"]
[WhiteElo "2456"]
[BlackElo "2584"]
[WhiteTeam "BCA Augsburg"]
[BlackTeam "SF Berlin"]
[WhiteFideId "934526"]
[BlackFideId "1124668"]
[EventDate "2022.03.05"]

1. e4 e6 2. d4 d5 3. Nc3 Nf6 4. Bg5 dxe4 5. Nxe4 Be7 6. Bxf6 gxf6 7. g3 f5 8.
Nc3 Bf6 9. Nge2 Nc6 10. d5 Nb4 11. Bg2 c6 12. dxc6 Qb6 13. O-O bxc6 14. Na4 Qa6
15. c4 O-O 16. Nf4 Qxc4 17. Nh5 Be7 18. Rc1 Qg4 19. a3 Nd3 20. Rxc6 Bb7 21.
Qxg4+ fxg4 22. Rc7 Bxg2 23. Kxg2 Bg5 24. Rd1 Rfd8 25. Kf1 h6 26. b4 Ne5 27.
Rxd8+ Rxd8 28. Nc3 a6 29. Ne4 Rd1+ 30. Ke2 Ra1 31. Nxg5 hxg5 32. Rc5 Ra2+ 33.
Ke3 Rxa3+ 34. Ke4 Nf3 35. Ra5 f5+ 0-1

[Event "Bundesliga 2021-22"]
[Site "Berlin GER"]
[Date "2022.07.08"]
[Round "12.1"]
[Board "4"]
[White "Kraemer, Martin"]
[Black "Rozentalis, Eduardas"]
[Result "1-0"]
[WhiteTitle "GM"]
[BlackTitle "GM"]
[WhiteElo "2584"]
[BlackElo "2539"]
[WhiteTeam "SF Berlin"]
[BlackTeam "BCA Augsburg"]
[WhiteFideId "4671910"]
[BlackFideId "12800023"]
[EventDate "2022.03.05"]

1. e4 e5 2. Nf3 Nf6 3. Nxe5 d6 4. Nf3 Nxe4 5. d4 Be7 6. Bd3 Nf6 7. O-O Nc6 8. h3
O-O 9. a3 h6 10. Bf4 Re8 11. Re1 Be6 12. c4 d5 13. c5 Ne4 14. Nc3 f5 15. Bb5 Bf6
16. Be5 Rf8 17. Bxc6 bxc6 18. Qa4 Bd7 19. Bxf6 Qxf6 20. Nxd5 Qd8 21. Nc3 Ng5 22.
Qd1 f4 23. Re5 Nf7 24. Re4 Qf6 25. Qd2 Ng5 26. Nxg5 Qxg5 27. Kf1 Rf7 28. Re5 Qg6
29. f3 Bf5 30. Rae1 Raf8 31. Re8 Qf6 32. Kg1 Qg6 33. Kf1 Qf6 34. Ne4 Qh4 35. Qf2
Qh5 36. Re5 Rd7 37. Kg1 Qg6 38. Kh2 Qh5 39. Nc3 Rfd8 40. R1e4 Qg5 41. Ne2 Rd5
42. Rxd5 cxd5 43. Re5 1-0

[Event "Bundesliga 2021-22"]
[Site "Berlin GER"]
[Date "2022.07.08"]
[Round "12.1"]
[Board "5"]
[White "Arnaudov, G. Petar"]
[Black "Gumularz, Szymon"]
[Result "0-1"]
[WhiteTitle "GM"]
[BlackTitle "GM"]
[WhiteElo "2469"]
[BlackElo "2539"]
[WhiteTeam "BCA Augsburg"]
[BlackTeam "SF Berlin"]
[WhiteFideId "2907127"]
[BlackFideId "1188062"]
[EventDate "2022.03.05"]

1. d4 g6 2. Nf3 Bg7 3. e4 d6 4. c3 Nf6 5. Bd3 O-O 6. O-O Nc6 7. Bg5 h6 8. Bh4 e5
9. dxe5 dxe5 10. Qc2 Qe8 11. b4 Nh5 12. Re1 a5 13. b5 Nb8 14. c4 Nf4 15. Nc3 c6
16. Na4 Bg4 17. Nd2 Nd7 18. bxc6 bxc6 19. f3 Be6 20. Bf1 Bf6 21. Bf2 Qe7 22. Nb3
h5 23. Nbc5 Rfd8 24. Red1 Nxc5 25. Bxc5 Qe8 26. Qc3 h4 27. Be3 Qe7 28. Nb6 Rab8
29. Qxa5 Bg5 30. Qc3 f5 31. Kh1 Qf6 32. c5 fxe4 33. fxe4 h3 34. Bxf4 hxg2+ 35.
Bxg2 Bxf4 36. Bh3 Kg7 37. Bxe6 Qxe6 38. Qb3 Qe7 39. Rxd8 Rxd8 40. Rg1 Qh4 41. h3
Qf2 42. Rxg6+ Kh8 43. Rg2 0-1

[Event "Bundesliga 2021-22"]
[Site "Berlin GER"]
[Date "2022.07.08"]
[Round "12.1"]
[Board "6"]
[White "Jakubowski, Krzysztof"]
[Black "Stankovic, Milos"]
[Result "1/2-1/2"]
[WhiteTitle "GM"]
[BlackTitle "IM"]
[WhiteElo "2475"]
[BlackElo "2435"]
[WhiteTeam "SF Berlin"]
[BlackTeam "BCA Augsburg"]
[WhiteFideId "1112848"]
[BlackFideId "938190"]
[EventDate "2022.03.05"]

1. c4 Nf6 2. Nc3 d5 3. cxd5 Nxd5 4. Nf3 g6 5. Qc2 Nb4 6. Qa4+ N8c6 7. a3 Nd5 8.
Ne5 Nb6 9. Nxc6 bxc6 10. Qxc6+ Bd7 11. Qc5 Bg7 12. g3 O-O 13. Bg2 Rb8 14. a4 Be6
15. d3 Bd4 16. Qc6 Nd7 17. O-O Rb6 18. Qf3 Rb4 19. e3 Bg7 20. Qd1 Ne5 21. d4 Bb3
22. Qd2 Nc4 23. Qe2 a5 24. Re1 e5 25. d5 Qe7 26. e4 Rfb8 27. Bf1 h5 28. h4 Qd7
29. Qf3 Bc2 30. Qe2 Bb3 31. Qf3 Bc2 32. Qe2 1/2-1/2

[Event "Bundesliga 2021-22"]
[Site "Berlin GER"]
[Date "2022.07.08"]
[Round "12.1"]
[Board "7"]
[White "Braeuer, Franz"]
[Black "Schmidek, Emil"]
[Result "1-0"]
[WhiteTitle "IM"]
[BlackTitle "FM"]
[WhiteElo "2428"]
[BlackElo "2383"]
[WhiteTeam "BCA Augsburg"]
[BlackTeam "SF Berlin"]
[WhiteFideId "24634468"]
[BlackFideId "12908150"]
[EventDate "2022.03.05"]

1. e4 c6 2. d4 d5 3. e5 Bf5 4. Nd2 e6 5. Nb3 Nd7 6. Nf3 c5 7. dxc5 Bxc5 8. Nxc5
Nxc5 9. Be2 Ne7 10. Nd4 a6 11. O-O Qc7 12. f4 O-O 13. c3 b5 14. Be3 Rac8 15. Qd2
Ne4 16. Qe1 Nc5 17. Rd1 Na4 18. Bc1 Be4 19. Qf2 Nf5 20. Bg4 Nxd4 21. Rxd4 Nc5
22. Be3 f5 23. exf6 Rxf6 24. Rdd1 Bf5 25. Be2 Bc2 26. Bxc5 Qxc5 27. Qxc5 Rxc5
28. Rd4 Rf8 29. g3 Be4 30. Rb4 Kf7 31. Ra1 Bc2 32. Rc1 Be4 33. Kf2 Ke7 34. Ke3
Kd6 35. Ra1 e5 36. a4 exf4+ 37. gxf4 a5 38. Rxb5 Rf6 39. Rg1 Rxb5 40. axb5 Rh6
41. Rxg7 Rh3+ 42. Rg3 Rxh2 43. c4 dxc4 44. Bxc4 Bg6 45. b3 Rc2 46. Rg5 a4 47.
Rd5+ Kc7 48. Rc5+ Kb6 49. Rc6+ Ka5 50. b6 Rc3+ 51. Kd4 Rf3 52. b7 Rxf4+ 53. Kc3
Rf3+ 54. Kb2 Rf2+ 55. Ka3 1-0

[Event "Bundesliga 2021-22"]
[Site "Berlin GER"]
[Date "2022.07.08"]
[Round "12.1"]
[Board "8"]
[White "Thiede, Lars"]
[Black "Schmittdiel, Eckhard"]
[Result "1-0"]
[WhiteTitle "IM"]
[BlackTitle "GM"]
[WhiteElo "2400"]
[BlackElo "2402"]
[WhiteTeam "SF Berlin"]
[BlackTeam "BCA Augsburg"]
[WhiteFideId "4607759"]
[BlackFideId "4600096"]
[EventDate "2022.03.05"]

1. c4 c5 2. g3 Nc6 3. Bg2 d6 4. Nc3 g6 5. a3 Bg7 6. Rb1 a5 7. Nf3 e5 8. d3 Nge7
9. O-O O-O 10. Bd2 h6 11. Ne1 Be6 12. Nc2 d5 13. cxd5 Nxd5 14. Ne3 Nde7 15. Na4
b6 16. b4 cxb4 17. axb4 Ra7 18. b5 Nd4 19. Nc4 Bxc4 20. dxc4 Rd7 21. e3 Ne6 22.
Rb2 e4 23. Rc2 f5 24. Qe2 Qc7 25. c5 bxc5 26. Qc4 Kf7 27. Rb1 Rfd8 28. Qa2 Nd5
29. Nxc5 Nxc5 30. Bxa5 Ra8 31. Qxd5+ Rxd5 32. Bxc7 1-0

[Event "Bundesliga 2021-22"]
[Site "Berlin GER"]
[Date "2022.07.08"]
[Round "12.2"]
[Board "1"]
[White "Nisipeanu, Liviu-Dieter"]
[Black "Rabiega, Robert"]
[Result "1/2-1/2"]
[WhiteTitle "GM"]
[BlackTitle "GM"]
[WhiteElo "2652"]
[BlackElo "2505"]
[WhiteTeam "USV TU Dresden"]
[BlackTeam "SK Koenig Tegel"]
[WhiteFideId "1202758"]
[BlackFideId "4601475"]
[EventDate "2022.03.05"]

1. d4 d5 2. c4 Nc6 3. Nc3 Nf6 4. Nf3 dxc4 5. e4 Bg4 6. Be3 e6 7. Bxc4 Bb4 8. Qc2
O-O 9. Rd1 Bxf3 10. gxf3 Nh5 11. e5 Ne7 12. Ke2 Bxc3 13. bxc3 Nd5 14. Bxd5 Qxd5
15. c4 Qc6 16. d5 exd5 17. Rxd5 Rae8 18. Rg1 f6 19. e6 f5 20. Rxf5 Rxe6 21.
Rxf8+ 1/2-1/2

[Event "Bundesliga 2021-22"]
[Site "Berlin GER"]
[Date "2022.07.08"]
[Round "12.2"]
[Board "2"]
[White "Bruedigam, Martin"]
[Black "Bartel, Mateusz"]
[Result "1/2-1/2"]
[WhiteTitle "IM"]
[BlackTitle "GM"]
[WhiteElo "2386"]
[BlackElo "2616"]
[WhiteTeam "SK Koenig Tegel"]
[BlackTeam "USV TU Dresden"]
[WhiteFideId "24608033"]
[BlackFideId "1112635"]
[EventDate "2022.03.05"]

1. e4 c6 2. d4 d5 3. exd5 cxd5 4. Bd3 Nc6 5. c3 Qc7 6. Ne2 Bg4 7. O-O e6 8. Qe1
Nf6 9. Bf4 Bd6 10. Bxd6 Qxd6 11. Nd2 O-O 12. h3 Bf5 13. Nc1 Rfe8 14. Qe3 a6 15.
Qf3 Bg6 16. Bxg6 hxg6 17. Nd3 b5 18. a3 e5 19. dxe5 Nxe5 20. Nxe5 Rxe5 21. Rae1
Rae8 22. Qd1 Rxe1 23. Rxe1 Rxe1+ 24. Qxe1 d4 25. cxd4 Qxd4 26. Qc1 Qd7 27. Qc3
g5 28. Qe3 Qf5 29. Qd4 Nd5 30. g3 f6 31. Ne4 Kh7 1/2-1/2

[Event "Bundesliga 2021-22"]
[Site "Berlin GER"]
[Date "2022.07.08"]
[Round "12.2"]
[Board "3"]
[White "Pechac, Jergus"]
[Black "Fruebing, Stefan"]
[Result "1-0"]
[WhiteTitle "GM"]
[BlackTitle "IM"]
[WhiteElo "2599"]
[BlackElo "2374"]
[WhiteTeam "USV TU Dresden"]
[BlackTeam "SK Koenig Tegel"]
[WhiteFideId "14926970"]
[BlackFideId "4682165"]
[EventDate "2022.03.05"]

1. c4 c6 2. Nf3 d5 3. d4 Nf6 4. Nc3 dxc4 5. a4 Bf5 6. Ne5 Nbd7 7. Nxc4 Nb6 8.
Ne3 e6 9. Nxf5 exf5 10. g3 Bb4 11. Bh3 g6 12. Bh6 Ne4 13. O-O Bxc3 14. bxc3 Qf6
15. f3 Ng5 16. Bg2 Ne6 17. f4 O-O-O 18. a5 Nd5 19. Qd2 Rd6 20. a6 b5 21. e4 fxe4
22. Bxe4 b4 23. cxb4 Re8 24. f5 Qxd4+ 25. Qxd4 Nxd4 26. fxg6 fxg6 27. Bxd5 Rxd5
28. Rf7 Re2 29. Raf1 Rf5 30. R1xf5 Nxf5 31. Rxa7 Nxh6 32. Rxh7 Ng8 33. a7 Ra2
34. Rh8 Kb7 35. Rxg8 Kxa7 36. Rxg6 Kb6 37. h4 Kb5 38. h5 1-0

[Event "Bundesliga 2021-22"]
[Site "Berlin GER"]
[Date "2022.07.08"]
[Round "12.2"]
[Board "4"]
[White "Mueller, Nick"]
[Black "Vogel, Roven"]
[Result "1/2-1/2"]
[WhiteTitle "FM"]
[BlackTitle "IM"]
[WhiteElo "2375"]
[BlackElo "2447"]
[WhiteTeam "SK Koenig Tegel"]
[BlackTeam "USV TU Dresden"]
[WhiteFideId "24692093"]
[BlackFideId "12908088"]
[EventDate "2022.03.05"]

1. d4 d5 2. c4 e6 3. Nf3 Nf6 4. g3 dxc4 5. Bg2 a6 6. O-O Nc6 7. Nc3 Rb8 8. e4
Be7 9. d5 exd5 10. exd5 Nb4 11. Ne5 Bf5 12. Nxc4 Bd3 13. b3 Bxf1 14. Kxf1 a5 15.
a3 Na6 16. Nxa5 O-O 17. b4 Ne8 18. Be3 Bf6 19. Rc1 Bxc3 20. Rxc3 Nd6 21. Qd3 Qd7
22. Kg1 Rfe8 23. Rc1 Re7 24. Nb3 Rbe8 25. Nd4 Nb8 26. b5 Qc8 27. Qc3 Nd7 28. Bh3
Qb8 29. Qxc7 Qxc7 30. Rxc7 Nb6 31. Rxe7 Rxe7 32. Nf5 Nxf5 33. Bxb6 Re5 34. Bg2
Re1+ 35. Bf1 Rd1 36. a4 Ne7 37. d6 Nd5 38. Bc7 Nc3 39. Kg2 Nxa4 40. Be2 Rd2 41.
Bf3 Nc5 42. Bb6 Nd7 43. Be3 Rxd6 44. Bxb7 Kf8 45. Bc6 Ke7 46. Bf4 Rd3 47. Bc7
Rb3 48. h3 Ke6 49. f4 g6 50. g4 Nf6 51. b6 Nd7 52. b7 Ke7 53. Kf2 f5 54. g5 Rb2+
55. Ke3 Rb4 56. Kd2 Rb2+ 57. Kc3 Rb1 58. Kc2 Rb4 59. Kc3 Rb1 60. Kc2 1/2-1/2

[Event "Bundesliga 2021-22"]
[Site "Berlin GER"]
[Date "2022.07.08"]
[Round "12.2"]
[Board "5"]
[White "Druska, Juraj"]
[Black "Von Herman, Ulf"]
[Result "1-0"]
[WhiteTitle "IM"]
[BlackTitle "IM"]
[WhiteElo "2503"]
[BlackElo "2349"]
[WhiteTeam "USV TU Dresden"]
[BlackTeam "SK Koenig Tegel"]
[WhiteFideId "14915650"]
[BlackFideId "4608500"]
[EventDate "2022.03.05"]

1. e4 c6 2. Nf3 d5 3. d3 dxe4 4. dxe4 Qxd1+ 5. Kxd1 Bg4 6. Be2 Nd7 7. Ne1 Bxe2+
8. Kxe2 e5 9. f3 Nc5 10. Be3 Nf6 11. Nd2 Nfd7 12. Nc4 f6 13. a4 Nb6 14. Nxb6
axb6 15. Nd3 Kd7 16. Rhd1 Kc7 17. a5 1-0

[Event "Bundesliga 2021-22"]
[Site "Berlin GER"]
[Date "2022.07.08"]
[Round "12.2"]
[Board "6"]
[White "Rietze, Clemens"]
[Black "Boensch, Uwe"]
[Result "1-0"]
[WhiteTitle "FM"]
[BlackTitle "GM"]
[WhiteElo "2279"]
[BlackElo "2494"]
[WhiteTeam "SK Koenig Tegel"]
[BlackTeam "USV TU Dresden"]
[WhiteFideId "24620351"]
[BlackFideId "4611268"]
[EventDate "2022.03.05"]

1. d4 Nf6 2. c4 e6 3. Nf3 d5 4. Nc3 Be7 5. Bf4 O-O 6. e3 c5 7. dxc5 Bxc5 8. cxd5
Nxd5 9. Nxd5 exd5 10. a3 Nc6 11. Bd3 Bb6 12. O-O d4 13. e4 Bg4 14. h3 Bh5 15. g4
Bg6 16. Nd2 f6 17. Nc4 Bc7 18. Bxc7 Qxc7 19. f4 Rfe8 20. Qf3 b5 21. Nd2 Qb6 22.
h4 Rac8 23. Rac1 Rc7 24. g5 Kh8 25. h5 Bf7 26. h6 Rg8 27. e5 fxe5 28. Qe4 Bg6
29. f5 Bf7 30. Kf2 Bc4 31. Bxc4 bxc4 32. Nxc4 Qb8 33. Rh1 gxh6 34. Rxh6 Rxg5 35.
Rxc6 Rxc6 36. Qxc6 Rxf5+ 37. Ke2 e4 38. Qxe4 Qh2+ 39. Kd3 1-0

[Event "Bundesliga 2021-22"]
[Site "Berlin GER"]
[Date "2022.07.08"]
[Round "12.2"]
[Board "7"]
[White "Loxine, Jakov"]
[Black "Giemsa, Stephan"]
[Result "1-0"]
[WhiteTitle "IM"]
[BlackTitle "FM"]
[WhiteElo "2390"]
[BlackElo "2281"]
[WhiteTeam "USV TU Dresden"]
[BlackTeam "SK Koenig Tegel"]
[WhiteFideId "4173031"]
[BlackFideId "4606884"]
[EventDate "2022.03.05"]

1. Nf3 d5 2. e3 Nf6 3. b3 g6 4. Bb2 Bg7 5. c4 e6 6. Be2 O-O 7. O-O c5 8. Qc2
dxc4 9. Bxc4 b6 10. a3 Bb7 11. Be2 Nc6 12. d3 Rc8 13. Nbd2 Qe7 14. Rac1 Rfd8 15.
Qb1 e5 16. Rfe1 Nd7 17. Bf1 Qf8 18. Bc3 a5 19. h4 h6 20. Nc4 Re8 21. Nfd2 Re6
22. g3 f5 23. Bg2 Nd8 24. e4 Re8 25. Bh3 Nc6 26. h5 Nd4 27. hxg6 fxe4 28. Bxd7
Nf3+ 29. Nxf3 Qxf3 30. Nd2 1-0

[Event "Bundesliga 2021-22"]
[Site "Berlin GER"]
[Date "2022.07.08"]
[Round "12.2"]
[Board "8"]
[White "Dimitrijeski, Kristian"]
[Black "Lutz, Ruben"]
[Result "0-1"]
[WhiteTitle "CM"]
[WhiteElo "2137"]
[BlackElo "2109"]
[WhiteTeam "SK Koenig Tegel"]
[BlackTeam "USV TU Dresden"]
[WhiteFideId "4627229"]
[BlackFideId "12975974"]
[EventDate "2022.03.05"]

1. e4 e6 2. d3 d5 3. Qe2 Nf6 4. Nf3 b6 5. e5 Nfd7 6. g3 Bb7 7. Bg2 c5 8. O-O Nc6
9. c4 d4 10. Re1 Qc7 11. Na3 h6 12. Nb5 Qb8 13. h4 a6 14. Na3 Be7 15. Bf4 Qc7
16. Nc2 O-O-O 17. a3 Rdg8 18. Qd2 g5 19. hxg5 hxg5 20. Bxg5 Bxg5 21. Nxg5 Ncxe5
22. f4 Rxg5 23. fxg5 Nf3+ 24. Bxf3 Qxg3+ 25. Bg2 Rh2 26. Re2 Ne5 27. Rf1 Ng4 28.
Rxf7 Rh1+ 29. Kxh1 Qh2# 0-1

[Event "Bundesliga 2021-22"]
[Site "Berlin GER"]
[Date "2022.07.08"]
[Round "12.3"]
[Board "1"]
[White "Nagy, Gabor1"]
[Black "Van Foreest, Jorden"]
[Result "1/2-1/2"]
[WhiteTitle "GM"]
[BlackTitle "GM"]
[WhiteElo "2507"]
[BlackElo "2714"]
[WhiteTeam "Aachener SV"]
[BlackTeam "SG Solingen"]
[WhiteFideId "737119"]
[BlackFideId "1039784"]
[EventDate "2022.03.05"]

1. Nf3 d5 2. g3 g6 3. Bg2 Bg7 4. d4 Nh6 5. O-O Nf5 6. c3 Nd6 7. Nbd2 Nd7 8. Ne5
Nxe5 9. dxe5 Bxe5 10. Bxd5 O-O 11. Bg2 c6 12. e4 Bg7 13. Qe2 e5 14. Nc4 Nxc4 15.
Qxc4 Be6 16. Qe2 Qe7 17. Be3 Rfd8 18. Rfd1 a5 19. Rxd8+ Qxd8 20. Rd1 Qc7 21. b3
Bf8 22. Bf3 h5 23. Kg2 a4 24. c4 Qe7 25. h4 Kh7 26. Rd3 Bh6 27. Bxh6 Kxh6 28.
Qd2+ Kg7 29. Bd1 Qc5 30. Bxh5 gxh5 1/2-1/2

[Event "Bundesliga 2021-22"]
[Site "Berlin GER"]
[Date "2022.07.08"]
[Round "12.3"]
[Board "2"]
[White "Ragger, Markus"]
[Black "Koch, Thomas1"]
[Result "1/2-1/2"]
[WhiteTitle "GM"]
[BlackTitle "IM"]
[WhiteElo "2647"]
[BlackElo "2458"]
[WhiteTeam "SG Solingen"]
[BlackTeam "Aachener SV"]
[WhiteFideId "1610856"]
[BlackFideId "4600533"]
[EventDate "2022.03.05"]

1. e4 e5 2. Nf3 Nf6 3. d4 Nxe4 4. Bd3 d5 5. Nxe5 Be7 6. Nc3 Nf6 7. Qf3 Nc6 8.
Be3 Nb4 9. O-O-O Nxd3+ 10. Rxd3 Be6 11. Re1 O-O 12. Bg5 c6 13. h4 Nd7 14. Bxe7
Nxe5 15. Rxe5 Qxe7 16. Qf4 Rae8 17. Re1 Qd7 18. Rde3 f6 19. Ne2 h6 20. Qg3 b6
21. Nf4 Bf7 22. Nd3 Rxe3 23. Rxe3 Kh7 24. Qf4 Re8 25. Rxe8 1/2-1/2